Movies Quiz

Random Movies Quiz

Monologue: Night of the Hunter Quiz Stats

 Plays Quiz not verified by Sporcle

Score 0/138 Timer 06:00
0 Plays Today
% Correct
the
96.2%
The
96.2%
and
96.2%
the
96.2%
the
96.2%
The
96.2%
the
96.2%
and
96.2%
the
96.2%
and
96.2%
and
96.2%
a
96.2%
a
96.2%
and
96.2%
the
96.2%
L-O-V-E!
83.3%
love.
83.3%
love
83.3%
H-A-T-E!
80.8%
hate
80.8%
you
79.5%
you
79.5%
You
79.5%
you
79.5%
is
78.2%
is
78.2%
of
73.1%
of
73.1%
of
73.1%
of
73.1%
of
73.1%
hand?
69.2%
It
69.2%
hand
69.2%
hand,
69.2%
hand
69.2%
hand,
69.2%
hand
69.2%
it
69.2%
hand
69.2%
to
66.7%
right-
66.7%
left-
66.7%
left
66.7%
to
66.7%
right
66.7%
% Correct
left
66.7%
left
66.7%
left
66.7%
my
64.1%
me
64.1%
that
64.1%
that
64.1%
that
64.1%
this
61.5%
see
60.3%
story
59%
story
59%
story
59%
tell
53.8%
for
52.6%
good
50%
these
48.7%
These
48.7%
fingers.
47.4%
fingers,
47.4%
fingers
47.4%
man.
47.4%
fingers,
47.4%
evil?
46.2%
like
44.9%
was
44.9%
with
44.9%
like
44.9%
But
44.9%
It's
44.9%
at
43.6%
one
43.6%
you're
41%
Would
38.5%
down
37.2%
old
35.9%
his
35.9%
Old
35.9%
old
35.9%
Brother
30.8%
brother
30.8%
has
30.8%
brother
30.8%
Now
29.5%
Now
29.5%
that's
29.5%
% Correct
won,
28.2%
'em!
26.9%
he's
25.6%
a-winning!
25.6%
count!
25.6%
Cain
24.4%
Those
23.1%
always
23.1%
I'll
21.8%
life.
21.8%
t'other.
20.5%
looks
20.5%
little
19.2%
staring
19.2%
little
19.2%
struck
19.2%
show
19.2%
a-fighting,
17.9%
blow
15.4%
agin'
15.4%
laid
14.1%
soul
12.8%
love's
12.8%
love's
12.8%
low.
11.5%
dear
11.5%
dear
11.5%
wait
11.5%
dog,
11.5%
run
10.3%
minute!
10.3%
Hot
10.3%
Ah,
9%
lad,
9%
watch,
9%
watch
9%
goner.
9%
hearts?
7.7%
straight
7.7%
hearts,
7.7%
a-warring
7.7%
veins
6.4%
friends,
6.4%
Yessirree!
6.4%
hand|
3.8%
a-tugging
3.8%

You're not logged in!

Compare scores with friends on all Sporcle quizzes.
OR
Log In

Show Comments

Extras

Created Nov 10, 2010SourceReportNominate
Tags:monologue, speech

Top Quizzes Today


Score Distribution

Your Account Isn't Verified!

In order to create a playlist on Sporcle, you need to verify the email address you used during registration. Go to your Sporcle Settings to finish the process.

Report this User

Report this user for behavior that violates our Community Guidelines.

Details: